|
|
|
|
| LEADER |
00000nam0a2200000 4500 |
| 001 |
336238 |
| 005 |
20231102004832.0 |
| 035 |
|
|
|a (RuTPU)RU\TPU\book\362654
|
| 090 |
|
|
|a 336238
|
| 100 |
|
|
|a 20171011d1963 km y0rusy50 ca
|
| 101 |
0 |
|
|a rus
|
| 102 |
|
|
|a UA
|
| 105 |
|
|
|a a g 001zy
|
| 200 |
1 |
|
|a Автоматизация промышленного транспорта
|e справочник
|f А. И. Выперайленко
|
| 210 |
|
|
|a Киев
|c Государственное издательство технической литературы УССР
|d 1963
|
| 215 |
|
|
|a 307 с.
|c ил.
|
| 320 |
|
|
|a Библиогр.: с. 305
|
| 606 |
1 |
|
|a Промышленный транспорт
|2 stltpush
|3 (RuTPU)RU\TPU\subj\52762
|9 71164
|
| 610 |
1 |
|
|a справочники
|
| 610 |
1 |
|
|a автоматизация
|
| 610 |
1 |
|
|a релейная аппаратура
|
| 610 |
1 |
|
|a реле
|
| 610 |
1 |
|
|a кабели
|
| 610 |
1 |
|
|a прокладка
|
| 610 |
1 |
|
|a прокладка
|
| 610 |
1 |
|
|a провода
|
| 610 |
1 |
|
|a токовые нагрузки
|
| 610 |
1 |
|
|a датчики
|
| 610 |
1 |
|
|a подвижной состав
|
| 610 |
1 |
|
|a электроприводы
|
| 610 |
1 |
|
|a светофоры
|
| 610 |
1 |
|
|a промышленные телевизионные установки
|
| 675 |
|
|
|a 656.3(035)
|v 4
|
| 700 |
|
1 |
|a Выперайленко
|b А. И.
|g Александр Иванович
|
| 801 |
|
1 |
|a RU
|b 63413507
|c 20171011
|
| 801 |
|
2 |
|a RU
|b 63413507
|c 20201113
|g RCR
|
| 942 |
|
|
|c BK
|